000 00777nam a2200313Ia 4500
008 210210b2013 xxu||||| |||| 00| 0 eng d
020 _a9781259027154
041 _aeng
082 _a351.3 TATT
100 _aTATA McGRAW HILL
245 _aTata McGraw Hills general studies 2013: Paper I
_bFor civil services preliminary examination
260 _aNew Delhi
_bTata McGraw Hill Education Pvt. Ltd.
_c2013
300 _axilv,1297
650 _aTata
650 _astudies
650 _aservices
650 _apreliminary
650 _aPaper
650 _aMcGraw
650 _aI
650 _aHills
650 _ageneral
650 _aFor
650 _aexamination
650 _acivil
650 _a2013:
690 _aGeneral Studies
906 _a067246
999 _c149610
_d149610